Novelas de Walcyr Carrasco - Statistics

Estatísticas Gerais
  • Esse quiz foi jogado 10 vezes
  • A pontuação média é 13 de 23
Estatísticas das Respostas
ANO HORÁRIO EMISSORA NOVELA % Correto
2005-2006 18h00 Globo Alma Gêmea
88%
2016 18h00 Globo Eta Mundo Bom
88%
2025-2026 18h00 Globo Eta Mundo Melhor
88%
2000-2001 18h00 Globo O Cravo e a Rosa
88%
2019 21h00 Globo A Dona do Pedaço
75%
2003-2004 18h00 Globo Chocolate com Pimenta
75%
2026-2027 21h00 Globo Quem Ama Cuida
75%
2015 23h00 Globo Verdades Secretas
75%
2013-2014 21h00 Globo Amor á vida
63%
2012 23h00 Globo Gabriela
63%
2017-2018 21h00 Globo O Outro Lado do Paraiso
63%
2023-2024 21h00 Globo Terra e Paixão
63%
1996-1997 21h00 Rede Manchete Xica da Silva
63%
2001-2002 18h00 Globo A Padroeira
50%
2011 19h00 Globo Morde e Assopra
50%
2021 23h00 Globoplay Verdades secretas II
50%
2007-2008 19h00 Globo Sete Pecados
38%
2009-2010 19h00 Globo Caras & Bocas
25%
1989-1990 19h00 SBT Cortina de Vidro
25%
2002-2003 20h00 Globo Esperança
25%
1998 20h00 SBT Fascinação
25%
2006-2007 18h00 Globo O Profeta
25%
2028 17h00 Globo/Globoplay Vidas Paralelas
13%
Nenhum quiz correspondente encontrado
Distribuição das Pontuações
Porcentagem de Pessoas com Cada Pontuação
Percentil de Números Respondidos
Sua Pontuação Histórica
Você não jogou esse quiz